World Leaders A-Z - Statistics

General Stats
  • This quiz has been taken 37 times
  • The average score is 19 of 26
Answer Stats
Letter Country Title In Office Answer % Correct
O United States President 2009-2017 Barack Obama
100%
C Cuba President 1976-2008 Fidel Castro
97%
J United Kingdom Prime Minister 2019 - Boris Johnson
94%
T Canada Prime Minister 1968-1979, 1980-1984 Pierre Trudeau
94%
G India Prime Minister 1966-1977,1980-1984 Indira Gandhi
91%
F Spain Prime Minister 1938-1973 Francisco Franco
89%
H Vietnam Prime Minister 1945-1955 Ho Chi Minh
89%
Y Russia President 1991-1999 Boris Yeltsin
86%
A Uganda President 1971-1979 Idi Amin
86%
E Turkey President 2014 - Recep Tayyip Erdogan
86%
B Italy Prime Minister 1994-1995,2001-2006, 2008-2011 Silvio Berlusconi
86%
X China President 2013 - Xi Jinping
83%
S France President 2007-2012 Nicolas Sarkozy
80%
M Zimbabwe President 1987-2017 Robert Mugabe
77%
K Iran Supreme Leader 1979-1989 Ruhollah Khomeini
77%
L Singapore Prime Minister 1959-1990 Lee Kuan Yew
66%
N Panama Leader 1983-1989 Manuel Noriega
66%
R Israel Prime Minister 1974-1977, 1992-1995 Yitzhak Rabin
66%
P Argentina President 1946-1955,1973-1974 Juan Peron
63%
V United States President 1837-1841 Martin Van Buren
63%
D Haiti President 1957-1971 Francois Duvalier
57%
W Poland President 1990-1995 Lech Walesa
51%
Z South Africa President 2009-2018 Jacob Zuma
46%
Q(6 letters) Philippines(Commonwealth) President 1935-1944 Manuel L. Quezon
46%
I
(3 letters)
Japan Prime Minister 1885-1888
1900-1901
Ito Hirobumi
40%
U United States President (fictional)Portrayed by Kevin Spacey in House of Cards 2014-2018 Frank Underwood
26%
No matching quizzes found
Score Distribution
Percent of People with Each Score
Percentile by Number Answered
Your Score History
You have not taken this quiz